El alzamiento la revolución y el terror en Barcelona
Enregistré dans:
| Auteur principal: | |
|---|---|
| Format: | Livre |
| Langue: | espagnol |
| Publié: |
Barcelona, España
Arysel
1943
|
| Sujets: | |
| Tags: |
Ajouter un tag
Pas de tags, Soyez le premier à ajouter un tag!
|
MARC
| LEADER | 00000nam a2200000 a 4500 | ||
|---|---|---|---|
| 001 | UCO1315 | ||
| 003 | CL-VaPUC | ||
| 005 | 20210625001701.0 | ||
| 008 | 000512e19430000SP |||||||||||||||||spa|d | ||
| 999 | |c 287943 |d 287941 | ||
| 040 | |c Pontificia Universidad Católica de Valparaíso | ||
| 082 | 0 | 4 | |a 946.081 LAC 1943 |2 21 |
| 100 | 0 | |a Lacruz, Francisco |e author |9 443319 | |
| 245 | 1 | 3 | |a El alzamiento la revolución y el terror en Barcelona |
| 260 | |a Barcelona, España |b Arysel |c 1943 | ||
| 300 | |a 307 páginas | ||
| 583 | |a last modification |c 20000512 00:00:00 |k Rodrigo Vera | ||
| 650 | 0 | |a Historia de España |z BARCELONA |9 315435 | |
| 650 | 7 | |a HISTORIA DE BARCELONA |2 CL-VaPUC |9 443320 |z ESPAÑA | |
| 650 | 7 | |a GUERRA CIVIL ESPAÑOLA |2 CL-VaPUC |9 443321 |y SIGLO 20 |z BARCELONA | |
| 650 | 0 | |a Partidos políticos |z ESPAÑA |9 254999 | |
| 650 | 7 | |a PERSECUCIONES POLITICAS |2 CL-VaPUC |9 436237 |z ESPAÑA |z BARCELONA | |
| 852 | |a BIBCUR | ||
| 942 | |c BK |2 ddc | ||
| 945 | |d 20000512 00:00:00 |a rherrera | ||
| 952 | |0 0 |1 0 |2 ddc |4 0 |6 946_081000000000000_LAC_1943 |7 0 |8 X |9 335045 |a BIBHIS |b BIBHIS |d 2019-11-20 |i 1269070 |o 946.081 LAC 1943 |p 1269070 |r 2024-01-30 |t 1 |w 2019-11-20 |y BK_X |k HIS | ||